000 03338nam a2200409 4500
001 51008
003 Biblioteca APEC
005 20251014134039.0
008 170930b2016 dr ||||| |||| 00| 0 spa d
040 _cBiblioteca UNAPEC
_aBiblioteca UNAPEC
_bspa
_erda
041 _aspa
072 _aFacultad de Humanidades
090 _aTPG-CI MAS-04 2016
100 1 _aCarmona Penzo, Carlos Manuel
_94363
_eautor
245 1 0 _aEstrategias de aplicación de la trigonometría esférica en la navegación ortodrómica /
_cCarlos Manuel Carmona Penzo ; asesor: Ignacio de la Caridad Pérez Yzquierdo
260 _aSanto Domingo, DO :
_bUniversidad APEC
_c2016
300 _a106 h. :
_e+ 1 CD ROM
336 _aTexto
_btxt
_2rdacontent
337 _asin mediación
_bn
_2rdamedia
338 _avolumen
_bnc
_2rdacarrier
500 _aCAMPUS I
500 _aTesis en Formato PDF Tesis en Formato Electrónico Tesis en Formato Digital
502 _aTesis (Maestría en Matemática Superior) - Universidad APEC, 2016
505 _aNOCIONES BÁSICAS DE TRIGONOMETRÍA ESFÉRICA - Trigonometría - Trigonometría plana - Clasificación de los triángulos planos - Trigonometría esférica - Geometría sobre la superficie de una esfera - Triángulo esférico oblicuángulo - Triángulo esférico oblicuángulo (soluciones alternas) - Método del ángulo auxiliar - Método de la ecuación de 2do grado - Resolución del triángulo esférico NAVEGACIÓN ORTODRÓMICA - Elementos básicos de la navegación ortodrómica - Navegación a lo largo de un paralelo - Navegción en un plano - Navegación por latitud media - Estima - Navegación a lo largo de una circunferencia máxima APLICACIÓN DE LA TRIGONOMETRÍA ESFÉRICA EN LA NAVEGACIÓN ORTODRÓMICA - Caso didáctico de aplicación de la trigonometría en la navegación ortodrómica Conclusiones Recomendaciones
520 _aRESUMEN: La trigonometría esférica como estrategia para la navegación ortodrómica es una herramienta fundamental de la navegación en ausencia de instrumentos electrónicos. El planteamiento de las estrategias para la navegación ortodrómica, extiende su campo a la navegación marítima, área y espacial, es donde radica su mayor importancia. Su aplicación en la docencia, desarrollará en el egresado las competencias globales y necesarias enmarcadas en los aspectos de navegación a larga distancias. El primer capítulo nos ofrece un panorama de las características de los triángulos esféricos. En el segundo capítulo se tratan los elementos básicos de la navegación ortodrómica, y finaliza con un tercer capítulo, donde exponemos los ejemplos didácticos de aplicación de la trigonometría esférica en la navegación ortodrómica.
650 _aTrigonometría
_96295
650 _aTrigonometría esférica
_96296
650 _aTriangulos esféricos
_96297
650 _aEsfera
_96298
650 _aGeometría
_96299
650 _aGeometría del espacio
_96300
650 _aTrigonometría plana
_96301
700 _aPérez Izquierdo, Ignacio de la Caridad
_easesor
_94328
856 _uhttps://bibliotecaunapec.blob.core.windows.net/tesis/TPG_CI_MAS_04_2016_ET170291.pdf
_yHacer clic para ver el PDF. (2.67 MB). Trabajo de Posgrado
912 _aAJRP
942 _2ddc
_cTES
_hTPG-CI MAS-04 2016
999 _c14456
_d14456